000 00564nam a2200229Ia 4500
003 OSt
005 20220924141325.0
006 a|||||r|||| 00| 0
007 ta
008 220923b |||||||| |||| 00| 0 ben d
024 _a297928
037 _cTextual
040 _aARTS
_cARTS
_bben
041 _2ben
_aben
082 _aO157,3NDE1,1, M3
100 _aDebsen
_9211096
245 0 _aSamudrer sannyasini
260 _c1983
650 _aBENGALI LITERATURE
942 _hO157,3NDE1,1, M3
_cTEXL
_2CC
999 _c446956
_d446956